|
|
|
|
| LEADER |
00000cam a2200000 7i4500 |
| 001 |
0000008863 |
| 002 |
000009662 |
| 005 |
20000330.0 |
| 020 |
|
|
|a 0861631439
|
| 090 |
0 |
0 |
|a JF
|b BLY
|
| 100 |
1 |
|
|a Blyton, Enid
|
| 245 |
1 |
0 |
|a Thirteen o'clock and other stories
|c Enid Blyton ; illustrated by Dorothy Hamilton
|
| 260 |
|
|
|a London :
|b Award Publications ,
|c 1994
|
| 300 |
|
|
|a 192 p. :
|b ill. ;
|c 21 cm.
|
| 650 |
0 |
0 |
|a Children's stories
|
| 700 |
1 |
|
|a Hamilton, Dorothy ,
|e illustrated
|
| 999 |
|
|
|a 041285
|b BUKU
|c PINJAMAN
|e PERPUSTAKAAN KOMUNITI PETALING JAYA
|
| 999 |
|
|
|a 041286
|b BUKU
|c PINJAMAN
|e PERPUSTAKAAN KOMUNITI PETALING JAYA
|
| 999 |
|
|
|a 041287
|b BUKU
|c PINJAMAN
|e PERPUSTAKAAN KOMUNITI PETALING JAYA
|
| 999 |
|
|
|a 045099
|b BUKU
|c PINJAMAN
|e PERPUSTAKAAN KOMUNITI CAW KOTA DAMANSARA
|
| 999 |
|
|
|a 045100
|b BUKU
|c PINJAMAN
|e PERPUSTAKAAN KOMUNITI CAW KOTA DAMANSARA
|